000 00389 a2200157 4500
260 _bDeutsche Landwirtschafts-Gesellschaft.
245 _aMachines et outils agricoles.Dictionnaire illustré polyglotte.
300 _a512p.
260 _aFrankfurt
300 _bill.
130 _lFr. En.
100 _aSTEINMETZ, H.
690 _aMACHINE AGRICOLE.
999 _c25089
_d25089